समय के हस्ताक्षर (Record no. 986)

MARC details
000 -LEADER
fixed length control field 01038 a2200241 4500
005 - DATE AND TIME OF LATEST TRANSACTION
control field 20080903112148.0
008 - FIXED-LENGTH DATA ELEMENTS--GENERAL INFORMATION
fixed length control field 080903t xxu||||| |||| 00| 0 hin d
010 ## - LIBRARY OF CONGRESS CONTROL NUMBER
LC control number HIN-78906
020 ## - INTERNATIONAL STANDARD BOOK NUMBER
International Standard Book Number 8171490751
Terms of availability 200.00
035 ## - SYSTEM CONTROL NUMBER
System control number HN-51252
037 ## - SOURCE OF ACQUISITION
Source of stock number/acquisition D.B.Act / pub
082 ## - DEWEY DECIMAL CLASSIFICATION NUMBER
Classification number 824
100 ## - MAIN ENTRY--PERSONAL NAME
Personal name शुक्ल, ललित
245 ## - TITLE STATEMENT
Title समय के हस्ताक्षर
Statement of responsibility, etc ललित शुक्ल
246 ## - VARYING FORM OF TITLE
Title proper/short title Samay ke Hastakshar
Remainder of title by Lalit Shukla
260 ## - PUBLICATION, DISTRIBUTION, ETC. (IMPRINT)
Place of publication, distribution, etc दिल्ली
Name of publisher, distributor, etc साहित्य सहकार
Date of publication, distribution, etc 2006
270 ## - ADDRESS
Address 29/62-बी,गली नं.11,विश्वास नगर
City दिल्ली
Postal code 110032
Telephone number 22385703
300 ## - PHYSICAL DESCRIPTION
Extent 159पृ
Dimensions 22 सेमी (सजिल्द)
650 ## - SUBJECT ADDED ENTRY--TOPICAL TERM
Topical term or geographic name as entry element निबन्ध
650 ## - SUBJECT ADDED ENTRY--TOPICAL TERM
Topical term or geographic name as entry element Essey
942 ## - ADDED ENTRY ELEMENTS (KOHA)
Institution code [OBSOLETE] dpl
Koha item type Hindi Books
Call number prefix 824 / शुक्लल
Source of classification or shelving scheme Dewey Decimal Classification
Classification part 824
Call number suffix शुक्लल
Holdings
Withdrawn status Lost status Damaged status Not for loan Collection code Home library Current library Date acquired Cost, normal purchase price Total Checkouts Full call number Barcode Date last seen Copy number Uniform Resource Identifier Cost, replacement price Price effective from Koha item type
      Not For Loan Non-fiction D.B.Act.Division D.B.Act.Division 03/09/2008 200.00   824 शुक्लल HN-51252 15/09/2008 1 1051 200.00 15/09/2008 Hindi Books

© Delhi Public Library
Hit Counter
free hit counter